Cesty domů /

Hlavní autor: Besserová, Miroslava, 1946-2017
Korporativní autor: Televize Prima
Jazyk: Čeština
Vydáno: Praha : Ikar, 2011-2012
Vydání: Vyd. 1.
Témata:
Externí odkaz: Digitalizovaný dokument
Fyzický popis: 2 sv. : barev. il., portréty ; 21 cm
Odebírané svazky: 1-
Knihy
Uloženo v:
LEADER 01630nam a2200397 aa4500
001 nkc20132439033
003 CZ PrNK
005 20220831141348.0
007 ta
008 130129m20112012xr acf e 000 f cze
015 |a cnb002439033  |z cnb002226434 
020 |a 978-80-249-1750-4  |q (sv. 1 ;  |q váz.) 
020 |a 978-80-249-2054-2  |q (sv. 2 ;  |q váz.) 
035 |a (OCoLC)829662711 
040 |a ABA001  |b cze 
072 7 |a 821.162.3-3  |x Česká próza  |2 Konspekt  |9 25 
080 |a 821.162.3-3  |2 MRF 
080 |a (0:82-3)  |2 MRF 
100 1 |a Besserová, Miroslava,  |d 1946-2017  |7 xx0017944  |4 aut 
245 1 0 |a Cesty domů /  |c podle původního televizního seriálu literárně zpracovala Miroslava Besserová 
250 |a Vyd. 1. 
260 |a Praha :  |b Ikar,  |c 2011-2012 
300 |a 2 sv. :  |b barev. il., portréty ;  |c 21 cm 
500 |a Pod názvem: Prima 
505 0 |a [sv. 1 - podle první řady]. 437 s., [24] s. obr. příl. -- [sv.] 2 - podle druhé řady. 342 s., [24] s. obr. příl. 
655 7 |a české prózy  |7 fd133972  |2 czenas 
655 9 |a Czech prose  |2 eczenas 
710 2 |a Televize Prima  |7 kn20030311019 
856 4 1 |u http://www.digitalniknihovna.cz/mzk/uuid/uuid:1a92f120-1c25-11ef-aef8-5ef3fc9bb22f  |y Digitalizovaný dokument  |x NDK 
910 2 |a BOA001  |b 2-1278.173  |s 1- 
928 9 |a Euromedia Group - Ikar 
990 |a BK 
995 |a 01 
991 |b 201201  |e b 
996 6 |b 2610497403  |c 2-1278.173  |d 1. díl  |v 1  |l MZK  |r Sklad / do 1 hodiny  |n 0  |p p.v.  |w 001221771  |u 000010  |a 1  |e BOA001  |j MZK50  |s P 
996 6 |b 2610540602  |c 2-1278.173  |d 2. díl  |v 2  |l MZK  |r Sklad / do 1 hodiny  |n 0  |p p.v.  |w 001221771  |u 000020  |a 1  |e BOA001  |j MZK50  |s P